000 00179 a2200097 4500
020 _a9780439636186
041 _aeng
100 _aWest, Tracey
245 _aBlackfire
942 _cBK
999 _c30111
_d30109